Officium Mariae Virginis juxta ritum sac. Ord. FF. Praedicat. Rmi. Patris F. Johannis Thomae de Boxadors ejusdem Ordinis Magistri Generalis jussu editum

Detalles Bibliográficos
Autor Corporativo: Iglesia Católica
Formato: Libro
Lenguaje:Undetermined
Latin
Publicado: s.l. : 17--
Materias:
Colección:Banco de datos
Acervo:Monasterio de Santa Catalina de Siena de la Orden de Santo Domingo de Puebla. Puebla
Descripción Física:[4] h., 190 p. : il. ; 8º
Tema general:Liturgia
Notas:Incluye tres ilustraciones en grabado calcográfico de Andres Horatius
LEADER 00782nam a2200169Ia 4500
008 150723s9999 xx 000 0 und d
041 0 |a lat 
110 1 |a Iglesia Católica 
245 1 0 |a Officium Mariae Virginis juxta ritum sac. Ord. FF. Praedicat. Rmi. Patris F. Johannis Thomae de Boxadors ejusdem Ordinis Magistri Generalis jussu editum 
260 |a s.l. :   |b s.n.,   |c  17-- 
300 |a [4] h., 190 p.   |b  : il.  |c  ; 8º 
500 |a Incluye tres ilustraciones en grabado calcográfico de Andres Horatius  
650 1 0 |a Liturgia  
949 |a Monasterio de Santa Catalina de Siena y Santa Ana del Convento de Dominicas del Estado de Puebla: 42 
942 |c DOMPUE 
943 |g Monasterio de Santa Catalina de Siena de la Orden de Santo Domingo de Puebla. Puebla 
999 |c 1104819  |d 1104819